| 000 | 01495nam a2200301 a 4500 | ||
|---|---|---|---|
| 003 | BLK | ||
| 005 | 20250709102941.0 | ||
| 008 | 180411b bul|||||r ||||||| ||bul|| | ||
| 020 | _a9789540760063 | ||
| 040 | _aBLK | ||
| 041 |
_aBUL _cBUL |
||
| 080 |
_aВъзпитание на деца с увредени сетива и нервна система (слепи, глухонеми, епилептици). Логопедия _b376.3 _z376.3-056.34 |
||
| 080 |
_aАутизъм _b616.896 _z616.896 |
||
| 100 |
_9393022 _aЩерева, Катерина Атанасова |
||
| 139 | _bЩ 38 | ||
| 245 | 1 | 0 |
_aМодели на декодиране при разстройства от аутистичния спектър : монография _cКатерина Щерева |
| 257 | _aBGR | ||
| 260 |
_aСофия _bУнив. изд. Св. Климент Охридски _c2024 _9209716 _n978-954-07- ; 954-9399- |
||
| 300 |
_a216 с. : с табл., диагр., сх. _c24 см |
||
| 380 | _a3 | ||
| 500 | _aБиогр. данни за авт. отбелязани на гърба на кор. Рец.: Ваня Матанова, Виолета Боянова Библиогр.: с. 187-215 Рез. на англ. ез. | ||
| 650 | 7 |
_aАутизъм _9147874 |
|
| 650 | 4 |
_aЛогопедия _9160772 |
|
| 650 | 0 |
_aЧетене - разстройства _9297356 |
|
| 942 |
_cKNG _n0 _s1 _01 |
||
| 944 |
_cНора Радева _k30531 _lЦветелина Шанова |
||
| 999 |
_c525730 _d525730 |
||
| 999 | _d525730 | ||